000
00255nam a2200097Ia 4500
008
220204s9999 xx 000 0 und d
100
_a
Roberts, K
245
0
_a
Expanded polystyrene cushioning
260
_a
London
_b
The Plastics Institute
_c
1974
942
_c
BK
999
_c
43703
_d
43703